000 00715nam a2200265Ia 4500
005 20260121172523.0
008 008 260114s9999 xx 000 0 eng d
020 _a9783030762285
037 _aEBOOK
040 _aCRL
040 _beng
040 _cCRL
041 _2eng
041 _aeng
084 _qCRL
100 _aJuan Antonio Lossio-Ventura, Jorge Carlos Valverde-Rebaza, Eduardo Díaz, Hugo Alatrista-Salas
_91089447
245 0 _aInformation Management and Big Data
260 _bSpringer
260 _bSpringer
260 _c2021
856 _uhttps://link.springer.com/openurl?genre=book&isbn=978-3-030-76228-5
942 _cEBOOK
999 _c1655186
_d1655186